Name the 2008-24 Knicks Draft Picks - Statistics

General Stats
  • This quiz has been taken 21 times
  • The average score is 10 of 20
Answer Stats
Year Answer College % Correct
2020 Obi Toppin Dayton
89%
2019 RJ Barrett Duke
89%
2015 Kristaps Porzingis Latvia
83%
2018 Kevin Knox Kentucky
78%
2021 Miles McBride West Virginia
78%
2017 Frank Ntilikina France
72%
2020 Immanuel Quickley Kentucky
72%
2018 Mitchell Robinson Western Kentucky
72%
2021 Jericho Sims Texas
67%
2013 Tim Hardaway Michigan
39%
2014 Cleanthony Early Wichita State
33%
2008 Danilo Gallinari Italy
33%
2011 Iman Shumpert Georgia Tech
33%
2022 Trevor Keels Duke
33%
2014 Thanasis Antetokounmpo Greece
28%
2017 Damyean Dotson Houston
22%
2009 Jordan Hill Arizona
22%
2010 Landry Fields Stanford
17%
2017 Ognjen Jaramaz Serbia
17%
2010 Andy Rautins Syracuse
11%
No matching quizzes found
Score Distribution
Percent of People with Each Score
Percentile by Number Answered
Your Score History
You have not taken this quiz